000 01250nam a2200253Ia 4500
001 17939
003 GE_BSU
008 181216s||||||||xx |||||||||||||| ||und||
040 _cGE_BSU
080 _a821.353.1-1
100 _aკალაძე,კარლო
245 _aმხოლოდ ახალი, მხოლოდ რჩეული : [ლექსები].
245 _bჩემი დღისა და ღამის წიგნი
245 _cრედ.თ.დაუშვილი. მხატვ. ნ. ბურჯანაძე
260 _aთბილისი
260 _bსაბჭ. საქართველო
260 _c1976
300 _a302გვ.23სმ.
653 _aლექსები
653 _aმხოლოდ ახალი, მხოლოდ რჩეული
653 _aჩემი დღისა და ღამის წიგნი
653 _aჩემი დღისა და ღამის წიგნი; ყოველი დღე და ყოველი წუთი; ნოველები; ფიქრი გზადაგზა; ათი საათი პარიზის დროით; ფიქრები
942 _cBK
999 _c50982
_d50982